Plánovanie v podniku metodický rozbor

Salvato in:
Dettagli Bibliografici
Autore principale: Honzová, Viera
Ente Autore: Vysoká škola ekonomická v Bratislave. Národohospodárska fakulta
Altri autori: Zelenák, Jozef
Natura: Libro
Lingua:slovacco
Pubblicazione: Bratislava 1987
Tags: Aggiungi Tag
Nessun Tag, puoi essere il primo ad aggiungerne!!

MARC

LEADER 00000nam a2200000 4500
001 c033104
005 20221219094925.3
041 0 |a slo 
044 |a SK 
245 1 0 |a Plánovanie v podniku  |b metodický rozbor  |c Viera Honzová ; Ved. práce Jozef Zelenák 
264 1 |a Bratislava  |c 1987 
300 |a 45 s. 
100 1 |a Honzová, Viera 
700 1 |a Zelenák, Jozef 
710 2 |a Vysoká škola ekonomická v Bratislave. Národohospodárska fakulta